Women empowerment (Record no. 8381)

MARC details
000 -LEADER
fixed length control field 00808 a2200229 4500
003 - CONTROL NUMBER IDENTIFIER
control field GBCCL
005 - DATE AND TIME OF LATEST TRANSACTION
control field 20241126110649.0
008 - FIXED-LENGTH DATA ELEMENTS--GENERAL INFORMATION
fixed length control field 200224b ||||| |||| 00| 0 eng d
020 ## - INTERNATIONAL STANDARD BOOK NUMBER
International Standard Book Number 9789351251309
020 ## - INTERNATIONAL STANDARD BOOK NUMBER
International Standard Book Number 9789351251316
040 ## - CATALOGING SOURCE
Transcribing agency gbc
082 ## - DEWEY DECIMAL CLASSIFICATION NUMBER
Classification number 305.4209542
Item number YAD
100 ## - MAIN ENTRY--PERSONAL NAME
Personal name Yadav, Hridai Ram
9 (RLIN) 14651
245 ## - TITLE STATEMENT
Title Women empowerment
260 ## - PUBLICATION, DISTRIBUTION, ETC.
Place of publication, distribution, etc. New Delhi :
Name of publisher, distributor, etc. Concept Publishing Company Pvt. Ltd.,
Date of publication, distribution, etc. 2015.
300 ## - PHYSICAL DESCRIPTION
Extent 2 volumes : maps (black and white) ; 23 cm
505 ## - FORMATTED CONTENTS NOTE
Formatted contents note Volume I. History, policy and legislation --<br/>volume II. Programmes, status and recommendations.
650 ## - SUBJECT ADDED ENTRY--TOPICAL TERM
Topical term or geographic name entry element Women -- Political activity -- India -- Amethi.
9 (RLIN) 14652
650 ## - SUBJECT ADDED ENTRY--TOPICAL TERM
Topical term or geographic name entry element Panchayat -- India -- Amethi.
9 (RLIN) 14653
650 ## - SUBJECT ADDED ENTRY--TOPICAL TERM
Topical term or geographic name entry element Women in development -- India -- Amethi.
9 (RLIN) 14654
942 ## - ADDED ENTRY ELEMENTS (KOHA)
Source of classification or shelving scheme Dewey Decimal Classification
Koha item type Books
Koha issues (borrowed), all copies 2
Holdings
Withdrawn status Lost status Source of classification or shelving scheme Damaged status Not for loan Home library Current Library Shelving location Date acquired Source of acquisition Cost, normal purchase price Total checkouts Full call number Barcode Date last seen Date last checked out Copy number Cost, replacement price Price effective from Koha item type
    Dewey Decimal Classification     GRACE BIBLE COLLEGE GRACE BIBLE COLLEGE General Studies 2020-02-24 10 937.50 2 305.4209542 YAD 013846 2025-05-01 2023-03-16 v.1 1250.00 2020-02-24 Books
    Dewey Decimal Classification     GRACE BIBLE COLLEGE GRACE BIBLE COLLEGE General Studies 2020-02-24 10 937.50   305.4209542 YAD 013847 2025-05-01   v.2 1250.00 2020-02-24 Books
© Grace Bible College Library 2025